| 000 | 00000nas 2200000za 4500 |
| 001 | 9.503543 |
| 003 | CaOODSP |
| 005 | 20231211174442 |
| 007 | cr ||||||||||| |
| 008 | 150406d19962014qucar pso||||f0 b0fre|d |
| 040 | |aCaOODSP|bfre |
| 043 | |an-cn--- |
| 086 | 1 |aNM21-1F-PDF |
| 110 | 2 |aMusée canadien des civilisations. |
| 245 | 10|aSociété du Musée canadien des civilisations, résumé du plan d'entreprise ... |h[ressource électronique] : |bRésumé des bugdets de fonctionnement et des immobilisations. |
| 246 | 10|aRésumé du plan d'entreprise, résumé des bugdets de fonctionnement et des immobilisations |
| 260 | |a[Gatineau, QC] : |bSociété du musée canadien des civilisations, |c[1996?]-2014. |
| 310 | |aAnnuel |
| 362 | 1 |aParaît depuis 1996-1997 à 2000-2001, ne paraît plus après 2013-2014 à 2017-2018. |
| 500 | |aPubl. aussi en anglais sous le titre : Summary of the corporate plan of the Canadian Museum of Civilization Corporation . |
| 775 | 08|tSummary of the corporate plan of the Canadian Museum of Civilization Corporation ... |w(CaOODSP)9.507153 |
| 785 | 00|tRésumé du plan d'entreprise, Musée canadien de l'histoire, pour la période de planification ... |w(CaOODSP)9.825991 |